Normal view
MARC view
Entry Topical Term
001 - CONTROL NUMBER
- control field: 16304
003 - CONTROL NUMBER IDENTIFIER
- control field: OSt
005 - DATE AND TIME OF LATEST TRANSACTION
- control field: 20220829170243.0
008 - FIXED-LENGTH DATA ELEMENTS
- fixed length control field: 220829|| aca||aabn | a|a d
040 ## - CATALOGING SOURCE
- Original cataloging agency: OSt
- Transcribing agency: OSt
150 ## - HEADING--TOPICAL TERM
- Topical term or geographic name entry element: Mechanical engineering -- Handbooks, manuals
670 ## - SOURCE DATA FOUND
- Source citation: Work cat.: (OSt): ohn M. Amiss; Franklin D. Jones; Henry H. Ryffel ; Christopher J. McCauley 16303, Machinery's handbook guide to 31st Edition.:, 2020
